000 00969nam a2200289Ia 4500
001 C7220
003 IT-RoPAU
008 130308s9999 xx 000 0 und d
040 _aIT-RoPAU
040 _cIT-RoPAU
041 _aITALIANO
100 _aGiovannini Attilio
100 _gCodice Aut. SPICS: 6031
245 _aPubblicità cinematografica
245 _bDizionario della Pubblicità. Storia, Tecniche, Personaggi
250 _a1a ed.
260 _aBOLOGNA
260 _bZanichelli
260 _c1994 [1° Ed.:1994 - Ed.Ling.Originale:1994]
300 _a"10 p. (prefazione: no ; testo: 10 [pagine: 73-82])"
500 _aPropaganda Aziendale di Lumiere. Rapporto con la Sala. Colpo di Coda di Melies. tra documentazione e Propaganda. Inizi, Avvento del Sonoro e del Colore. Pubblicità nel Secondo Dopoguerra.
650 _aENCICLOPEDIE DI PUBBLICITA'
650 _eCodice materia Spics: 6201
942 _cBK
957 _71
999 _c82303
_d82303
999 _g1